| 000 | 00377nam a22001217a 4500 | ||
|---|---|---|---|
| 082 | _a200 THE | ||
| 100 |
_aALI BABAR _915743 |
||
| 245 | _aTH-SOF-1394-Aircraft Maintenance Routing Using Artificial Intelligence Based Approach | ||
| 260 |
_aIslamabad _bNUST College of EME _c2017 |
||
| 650 | _aMS-MTS-78 MSTHESIS | ||
| 700 |
_aSupervisor Dr. Khurram Kamal _969887 |
||
| 942 | _cCF | ||
| 999 |
_c577082 _d577082 |
||